|
|
|
|
| LEADER |
00000cas a2200000 c 4500 |
| 001 |
479875863 |
| 003 |
DE-627 |
| 005 |
20260207122654.0 |
| 007 |
tu |
| 008 |
050224c20019999sz z| m| 0 |0fre c |
| 015 |
|
|
|a 08,A10,2259
|2 dnb
|
| 016 |
7 |
|
|a 027136507
|2 DE-101
|
| 016 |
7 |
|
|a 2178885-6
|2 DE-600
|
| 022 |
|
|
|a 1422-9846
|
| 035 |
|
|
|a (DE-627)479875863
|
| 035 |
|
|
|a (DE-576)095223282
|
| 035 |
|
|
|a (DE-599)ZDB2178885-6
|
| 035 |
|
|
|a (OCoLC)85703389
|
| 040 |
|
|
|a DE-627
|b ger
|c DE-627
|e rakwb
|
| 041 |
|
|
|a fre
|
| 044 |
|
|
|c XA-CH
|c XA-DE
|c XA-AT
|
| 082 |
0 |
4 |
|a 940
|q DE-101
|
| 082 |
0 |
4 |
|a 900
|a 320
|q DE-600
|
| 245 |
0 |
3 |
|a L' Europe et les Europes
|b 19e et 20e siècles ; collection de l' Association Internationale d' Histoire Contemporaine de l' Europe
|
| 264 |
3 |
1 |
|a Bern
|a Berlin
|a Bruxelles
|a Frankfurt, M.
|a New York, NY
|a Oxford
|a Wien
|b Lang
|c 2001-
|
| 336 |
|
|
|a Text
|b txt
|2 rdacontent
|
| 337 |
|
|
|a ohne Hilfsmittel zu benutzen
|b n
|2 rdamedia
|
| 338 |
|
|
|a Band
|b nc
|2 rdacarrier
|
| 362 |
0 |
|
|a 1.2001 -
|
| 363 |
0 |
0 |
|a 1
|i 2001
|
| 515 |
|
|
|a Ersch. unregelmäßig
|
| 655 |
|
7 |
|a Monografische Reihe
|0 (DE-588)4179998-7
|0 (DE-627)104628669
|0 (DE-576)209995106
|2 gnd-content
|
| 710 |
2 |
|
|a Association Internationale pour l'Histoire Contemporaine de l'Europe
|e Herausgebendes Organ
|0 (DE-588)2094186-9
|0 (DE-627)100558550
|0 (DE-576)192794779
|4 isb
|
| 889 |
|
|
|w (DE-603)186310501
|
| 889 |
|
|
|w (DE-576)437597857
|
| 889 |
|
|
|w (DE-576)479103666
|
| 935 |
|
|
|i sdedup20220301
|
| 936 |
s |
n |
|a n100
|2 mzub
|
| 951 |
|
|
|a ST
|
| ELC |
|
|
|b 1
|
| LOK |
|
|
|0 000 xxxxxcx a22 zn 4500
|
| LOK |
|
|
|0 001 2402685700
|
| LOK |
|
|
|0 003 DE-627
|
| LOK |
|
|
|0 004 479875863
|
| LOK |
|
|
|0 005 20030630000000
|
| LOK |
|
|
|0 008 030630||||||||||||||||ger|||||||
|
| LOK |
|
|
|0 040
|a DE-21
|c DE-627
|d DE-21
|
| LOK |
|
|
|0 852
|a DE-21
|
| LOK |
|
|
|0 852 1
|9 00
|
| LOK |
|
|
|0 939
|a 30-06-03
|b l01
|
| LOK |
|
|
|0 000 xxxxxcx a22 zn 4500
|
| LOK |
|
|
|0 001 2402685719
|
| LOK |
|
|
|0 003 DE-627
|
| LOK |
|
|
|0 004 479875863
|
| LOK |
|
|
|0 005 20030311000000
|
| LOK |
|
|
|0 008 030311||||||||||||||||ger|||||||
|
| LOK |
|
|
|0 040
|a DE-21-62
|c DE-627
|d DE-21-62
|
| LOK |
|
|
|0 852
|a DE-21-62
|
| LOK |
|
|
|0 852 1
|m p
|9 00
|
| LOK |
|
|
|0 938
|k p
|
| LOK |
|
|
|0 939
|a 11-03-03
|b l01
|
| LOK |
|
|
|0 000 xxxxxcx a22 zn 4500
|
| LOK |
|
|
|0 001 2786138469
|
| LOK |
|
|
|0 003 DE-627
|
| LOK |
|
|
|0 004 479875863
|
| LOK |
|
|
|0 005 20140311162616
|
| LOK |
|
|
|0 008 140311||||||||||||||||ger|||||||
|
| LOK |
|
|
|0 040
|a DE-21-32c
|c DE-627
|d DE-21-32c
|
| LOK |
|
|
|0 852
|a DE-21-32c
|
| LOK |
|
|
|0 852 1
|m p
|9 00
|
| LOK |
|
|
|0 935
|a k32c
|a i32c
|
| LOK |
|
|
|0 938
|k p
|
| LOK |
|
|
|0 939
|a 11-03-14
|b l01
|
| ORI |
|
|
|a SA-MARC-krimdokb001.raw
|
| SPR |
|
|
|a 1
|t KRI
|